000 00700cam a2200229 a 4500
003 OSt
005 20260423160108.0
008 030814s2003 ii b 001 0 eng
020 _a8173044716
040 _cHDL
041 1 _aeng
082 _a294.548697 P3
130 0 _aViolences et non-violences en Inde.
_lEnglish.
_91235568
245 1 0 _aViolence/non-violence :
_bsome Hindu perspectives /
_cedited by Denis Vidal, Gilles Tarabout, Eric Meyer.
260 _aNew Delhi :
_bManohar Publishers & Distributors,
_c2003.
300 _a328 p.
630 _leng
_91235569
650 0 _aViolence
_xReligious aspects
_91235570
651 _aIndia
942 _2CC
_cTEXL
_n0
999 _c1848451
_d1848451